|
|
|
|
| LEADER |
01464nam a2200385 a 4500 |
| 001 |
000604446 |
| 003 |
CZ BrMZK |
| 005 |
20090811141855.0 |
| 007 |
ta |
| 008 |
020605s2002 xr e c cze d |
| 040 |
|
|
|a BOA001
|b cze
|
| 041 |
1 |
|
|a cze
|a eng
|
| 043 |
|
|
|a e-xr---
|
| 045 |
|
|
|a w-x-
|
| 072 |
|
7 |
|a 75
|x Malířství
|2 Konspekt
|9 21
|
| 080 |
|
|
|a 75(437.3)
|2 MRF
|
| 080 |
|
|
|a 75.036/.038
|2 MRF
|
| 080 |
|
|
|a (437.3)
|2 MRF
|
| 080 |
|
|
|a (083.824)
|2 MRF
|
| 100 |
1 |
|
|a Procházka, Antonín,
|d 1882-1945
|7 jk01101095
|4 aut
|
| 245 |
1 |
0 |
|a Antonín Procházka :
|b 1882-1945 : Muzeum města Brna, Špilberk : Moravská galerie v Brně, Pražákův palác, od 6. června do 29. září 2002 /
|c [text Marcela Macharáčková]
|
| 260 |
|
|
|a Brno :
|b Muzeum města Brna,
|c 2002
|
| 300 |
|
|
|a 1 složený list (4 s.) ;
|c 21 cm
|
| 500 |
|
|
|a Katalog výstavy
|
| 600 |
1 |
7 |
|a Procházka, Antonín,
|d 1882-1945
|7 jk01101095
|2 czenas
|
| 648 |
|
4 |
|a 19.-20. stol.
|
| 650 |
0 |
7 |
|a české malířství
|7 ph116864
|y 19.-20. stol.
|2 czenas
|
| 650 |
0 |
7 |
|a moderní malířství
|7 ph122940
|z Česko
|2 czenas
|
| 655 |
|
7 |
|a katalogy výstav
|7 fd132536
|2 czenas
|
| 700 |
1 |
|
|a Macharáčková, Marcela,
|d 1951-
|7 mzk2005274928
|4 aut
|
| 710 |
2 |
|
|a Špilberk (hrad)
|7 ko2002101842
|
| 710 |
2 |
|
|a Moravská galerie (Brno, Česko)
|7 kn20020321233
|
| 910 |
|
|
|a BOA001
|b 2-1101.773
|
| 990 |
|
|
|a BK
|
| 996 |
6 |
|
|b 2610162824
|c 2-1101.773
|l MZK
|r Sklad / do 1 hodiny
|n 34
|p p.v.
|w 000604446
|u 000010
|a 1
|e BOA001
|j MZK50
|s P
|